000 01685cam a22004694i 4500
003 PE-LiUPU
005 20250731173326.0
008 150625s2000 ck a r 000 0 spa d
020 _a0789904217
035 _a(Sirsi) i9780789904218
040 _aPE-LiUPU
_bspa
_cPE-LiUPU
_erda
049 _aPRUA
082 0 4 _a220.9321
_bP86
_221
100 1 _aPrice, Randall,
_eautor.
245 1 4 _aLas piedras claman /
_cRandall Price.
264 1 _aBogotá :
_bUnilit,
_c2000.
300 _a343 páginas :
_bilustraciones ;
_c21 centímetros
336 _atext
_2rdacontent
337 _aunmediated
_2rdamedia
338 _avolume
_2rdacarrier
500 _a"Con los últimos descubrimientos".
505 0 _a¿Qué puede demostrar la arqueología? -- Nuevos descubrimientos de la arqueología -- Escuchar hoy a las piedras.
526 _aSEG42
526 _aSEG41
526 _aSEG40
526 _aSEG39
526 _aP94
526 _aP87
526 _aP86
526 _aP85
526 _aP77
526 _aP76
526 _aP35
541 _g001-001317;
630 _aBiblia
_xAntigüedades.
630 _aBiblia
_xEvidencias, autoridad, etc.
942 _2ddc
_cBOOK
949 _a220.9321 P86
_wDEWEY
_c1
_i58674
_d2016-11-24
_e2016-11-24
_lCCODEBUL1
_mBUL
_n6
_p8.00
_r0
_sY
_tBOOK
_u2015-6-25
_xTEOLOGIA
_zUNKNOWN
_0COMPRA
_o.STAFF. Colección General
994 _aC0
_bPEPRU
596 _a1
999 _a220.9321 P86
_wDEWEY
_c47553
_i58674
_d47553
_e2019-11-3
_f2021-11-9
_g5
_lCCODEBUL1
_mBUL
_n15
_p8.00
_q19
_r0
_sY
_tBOOK
_u2015-6-25
_xTEOLOGIA
_PP35
_0COMPRA
_o.STAFF. Colección Teología
980 _81
_gALBERTO SANCHEZ Responsable de Automatización